Normal view
MARC view
- NS Dawood Abrar NS Jasvant Raj NS Salman Zafar
Entry Personal Name
001 - CONTROL NUMBER
- control field: 72153
003 - CONTROL NUMBER IDENTIFIER
- control field: NUST
005 - DATE AND TIME OF LATEST TRANSACTION
- control field: 20210628204741.0
008 - FIXED-LENGTH DATA ELEMENTS
- fixed length control field: 210628|| aca||aabn | a|a d
040 ## - CATALOGING SOURCE
- Original cataloging agency: NUST
- Transcribing agency: NUST
100 ## - HEADING--PERSONAL NAME
- Personal name: NS Dawood Abrar NS Jasvant Raj NS Salman Zafar
670 ## - SOURCE DATA FOUND
- Source citation: Work cat.: (NUST): NS Dawood Abrar NS Jasvant Raj NS Salman Zafar, PR-SOF-1498-CORVUS SPLENDENS BASED FLAPPING WING UAV, 2016
